<?xml version="1.0" encoding="UTF-8"?>
<record
    xmlns:xsi="http://www.w3.org/2001/XMLSchema-instance"
    xsi:schemaLocation="http://www.loc.gov/MARC21/slim http://www.loc.gov/standards/marcxml/schema/MARC21slim.xsd"
    xmlns="http://www.loc.gov/MARC21/slim">

  <leader>02745njm a2200553 i 4500</leader>
  <controlfield tag="001">196121</controlfield>
  <controlfield tag="003">ES-MaACL</controlfield>
  <controlfield tag="005">20250904042306.0</controlfield>
  <controlfield tag="007">sd*fsngnnmmned</controlfield>
  <controlfield tag="008">240209s2007    sp opn   d     /    ita  </controlfield>
  <datafield tag="015" ind1=" " ind2=" ">
    <subfield code="a">SON07</subfield>
  </datafield>
  <datafield tag="017" ind1=" " ind2=" ">
    <subfield code="a">M 35015-2007</subfield>
    <subfield code="b">Oficina Dep&#xF3;sito Legal Madrid</subfield>
  </datafield>
  <datafield tag="020" ind1=" " ind2=" ">
    <subfield code="a">9788496832824</subfield>
  </datafield>
  <datafield tag="035" ind1=" " ind2=" ">
    <subfield code="a">(OCoLC)1004290756</subfield>
  </datafield>
  <datafield tag="035" ind1=" " ind2=" ">
    <subfield code="a">(SpMaBN)a4580580</subfield>
  </datafield>
  <datafield tag="040" ind1=" " ind2=" ">
    <subfield code="a">SpMaBN</subfield>
    <subfield code="b">spa</subfield>
    <subfield code="c">SpMaBN</subfield>
    <subfield code="e">rdc</subfield>
  </datafield>
  <datafield tag="100" ind1="1" ind2=" ">
    <subfield code="a">Donizetti, Gaetano, </subfield>
    <subfield code="d">1797-1848</subfield>
    <subfield code="9">240583</subfield>
    <subfield code="e">cmp</subfield>
  </datafield>
  <datafield tag="240" ind1="1" ind2="2">
    <subfield code="a">L'elisir d'amore</subfield>
  </datafield>
  <datafield tag="245" ind1="1" ind2="2">
    <subfield code="a">L'elisir d'amore / </subfield>
    <subfield code="c">Donizetti ; libreto de Felice Romani </subfield>
    <subfield code="h">[Grabaci&#xF3;n sonora]</subfield>
  </datafield>
  <datafield tag="260" ind1=" " ind2=" ">
    <subfield code="a">Madrid :</subfield>
    <subfield code="b">Prisa Innova ;</subfield>
    <subfield code="c">D.L. 2007</subfield>
  </datafield>
  <datafield tag="264" ind1=" " ind2=" ">
    <subfield code="a">&#xA9;2007</subfield>
  </datafield>
  <datafield tag="300" ind1=" " ind2=" ">
    <subfield code="a">2 discos (CD Audio) + </subfield>
    <subfield code="e">1 libro (76 p&#xE1;ginas)</subfield>
  </datafield>
  <datafield tag="336" ind1=" " ind2=" ">
    <subfield code="2">rdacontent</subfield>
    <subfield code="a">m&#xFA;sica (interpretada)</subfield>
  </datafield>
  <datafield tag="337" ind1=" " ind2=" ">
    <subfield code="2">rdamedia</subfield>
    <subfield code="a">audio</subfield>
  </datafield>
  <datafield tag="338" ind1=" " ind2=" ">
    <subfield code="2">rdacarrier</subfield>
    <subfield code="a">volumen</subfield>
  </datafield>
  <datafield tag="490" ind1="1" ind2=" ">
    <subfield code="a">Los cl&#xE1;sicos de la &#xF3;pera, 400 a&#xF1;os ;</subfield>
    <subfield code="v">37</subfield>
  </datafield>
  <datafield tag="500" ind1=" " ind2=" ">
    <subfield code="a">Remasterizado</subfield>
  </datafield>
  <datafield tag="511" ind1="1" ind2=" ">
    <subfield code="a">Margherita Carosio, Nicola Monti, Tito Gobbi, Melchiorre Luise, Loretta di Lelio ; Coro y Orquesta del Teatro de la &#xD3;pera de Roma ; Gabriele Santini, director musical.</subfield>
  </datafield>
  <datafield tag="518" ind1=" " ind2=" ">
    <subfield code="a">Grabado en Roma en noviembre de 1952</subfield>
  </datafield>
  <datafield tag="520" ind1=" " ind2=" ">
    <subfield code="a">Junto con Don Pasquale e Il Barbiere di Siviglia, L&#xA1;elisir d'amore, estrenada en el Teatro della Canobbiana de MIl&#xE1;n el 12 de mayo de 1832, constituye una de las cimas de la &#xF3;pera c&#xF3;mica italiana, por su directo melodismo, la acertada caracterizaci&#xF3;n de unos personajes rebosantes de humanidad y de una partitutra de una frescura y una inspiraci&#xF3;n mel&#xF3;dica sin parang&#xF3;n, como demuestra la c&#xE9;lebre aria "Una furtiva lagrima".</subfield>
  </datafield>
  <datafield tag="650" ind1=" " ind2="7">
    <subfield code="a">&#xD3;peras-</subfield>
    <subfield code="9">137584</subfield>
    <subfield code="v">Libretos</subfield>
  </datafield>
  <datafield tag="655" ind1=" " ind2="7">
    <subfield code="a">Libretos</subfield>
    <subfield code="2"></subfield>
    <subfield code="9">242219</subfield>
  </datafield>
  <datafield tag="700" ind1="1" ind2=" ">
    <subfield code="a">Romani, Felice, </subfield>
    <subfield code="d">1788-1865- </subfield>
    <subfield code="t">L'elisir d'amore- </subfield>
    <subfield code="l">Espa&#xF1;ol-Italiano</subfield>
    <subfield code="9">238358</subfield>
    <subfield code="e">lbt</subfield>
  </datafield>
  <datafield tag="700" ind1="1" ind2=" ">
    <subfield code="a">Carosio, Margherita, </subfield>
    <subfield code="d">1908-2005</subfield>
    <subfield code="9">238359</subfield>
    <subfield code="e">prf</subfield>
  </datafield>
  <datafield tag="700" ind1="1" ind2=" ">
    <subfield code="a">Monti, Nicola, </subfield>
    <subfield code="d">1898-1967</subfield>
    <subfield code="9">238360</subfield>
    <subfield code="e">prf</subfield>
  </datafield>
  <datafield tag="700" ind1="1" ind2=" ">
    <subfield code="a">Gobbi, Tito, </subfield>
    <subfield code="d">1913-1984</subfield>
    <subfield code="9">238361</subfield>
    <subfield code="e">prf</subfield>
  </datafield>
  <datafield tag="700" ind1="1" ind2=" ">
    <subfield code="a">Luise, Melchiorre, </subfield>
    <subfield code="d">1898-1967</subfield>
    <subfield code="9">238362</subfield>
    <subfield code="e">prf</subfield>
  </datafield>
  <datafield tag="700" ind1="1" ind2=" ">
    <subfield code="a">Di Lelio, Loretta, </subfield>
    <subfield code="d">1918-2013</subfield>
    <subfield code="9">238363</subfield>
    <subfield code="e">prf</subfield>
  </datafield>
  <datafield tag="700" ind1="1" ind2=" ">
    <subfield code="a">Santini, Gabriele, </subfield>
    <subfield code="d">1886-1964</subfield>
    <subfield code="9">235566</subfield>
    <subfield code="e">msd</subfield>
  </datafield>
  <datafield tag="710" ind1="2" ind2=" ">
    <subfield code="a">Teatro dell'Opera di Roma </subfield>
    <subfield code="9">238364</subfield>
  </datafield>
  <datafield tag="710" ind1="2" ind2=" ">
    <subfield code="a">Teatro dell'Opera di Roma </subfield>
    <subfield code="9">238364</subfield>
  </datafield>
  <datafield tag="852" ind1=" " ind2=" ">
    <subfield code="a">ES-MaACL</subfield>
    <subfield code="b">R.155050</subfield>
    <subfield code="c">DEPOJ</subfield>
    <subfield code="j">N-9832</subfield>
    <subfield code="h">Donaci&#xF3;n: Miren Fern&#xE1;ndez</subfield>
    <subfield code="x">Encuadernaci&#xF3;n carton&#xE9;</subfield>
    <subfield code="p">Volumen 37</subfield>
    <subfield code="9">205790</subfield>
  </datafield>
  <datafield tag="903" ind1=" " ind2=" ">
    <subfield code="a">Fern&#xE1;ndez, Miren</subfield>
    <subfield code="e">dnr</subfield>
  </datafield>
  <datafield tag="942" ind1=" " ind2=" ">
    <subfield code="c">MONOGRAFIA</subfield>
    <subfield code="n">0</subfield>
  </datafield>
  <datafield tag="999" ind1=" " ind2=" ">
    <subfield code="c">196121</subfield>
    <subfield code="d">196121</subfield>
  </datafield>
  <datafield tag="952" ind1=" " ind2=" ">
    <subfield code="0">0</subfield>
    <subfield code="1">0</subfield>
    <subfield code="2">udc</subfield>
    <subfield code="4">0</subfield>
    <subfield code="7">0</subfield>
    <subfield code="a">ATENEOM</subfield>
    <subfield code="b">ATENEOM</subfield>
    <subfield code="c">DEPOJ</subfield>
    <subfield code="d">2025-05-24</subfield>
    <subfield code="e">DONACION</subfield>
    <subfield code="l">0</subfield>
    <subfield code="o">N-9832</subfield>
    <subfield code="p">101230137</subfield>
    <subfield code="r">2025-05-24 00:00:00</subfield>
    <subfield code="w">2025-05-24</subfield>
    <subfield code="y">MONOGRAFIA</subfield>
  </datafield>
</record>
